000 00262nam a2200109Ia 4500
008 200302s9999 xx 000 0 und d
100 _aM. T. Telling
245 _aCarpentry and Joinery
260 _bSir Isaac Pitman & Sons Ltd.
260 _c1963
300 _a267 P.,
999 _c285
_d285